000 00253nam a2200097Ia 4500
001 773687
005 20250826165756.0
008 250824s9999 xx 000 0 und d
245 0 _aŞİİRİN KIZKARDEŞİ ÖYKÜ
_cBUKET UZUNER
260 _bEVEREST YAYINLARI
999 _c773687
_d773687